Fundamentals of soil dynamics and earthquake engineering (Record no. 869)

000 -LEADER
fixed length control field 00587nam a22002057a 4500
001 - CONTROL NUMBER
control field 869
003 - CONTROL NUMBER IDENTIFIER
control field BD-DhUET
008 - FIXED-LENGTH DATA ELEMENTS--GENERAL INFORMATION
fixed length control field 140824b xxu||||| |||| 00| 0 eng d
020 ## - INTERNATIONAL STANDARD BOOK NUMBER
International Standard Book Number 9788120326705
040 ## - CATALOGING SOURCE
Transcribing agency 0
Modifying agency BD-DhUET
082 ## - DEWEY DECIMAL CLASSIFICATION NUMBER
Classification number 624.176
Item number PRA/2009
100 ## - MAIN ENTRY--PERSONAL NAME
Personal name Prasad, Bharfat Bhushan
245 ## - TITLE STATEMENT
Title Fundamentals of soil dynamics and earthquake engineering
Statement of responsibility, etc. by Bharat Bhushan Prasad
250 ## - EDITION STATEMENT
Edition statement 1st ed.
260 ## - PUBLICATION, DISTRIBUTION, ETC. (IMPRINT)
Place of publication, distribution, etc. New Delhi
Name of publisher, distributor, etc. PHI Learning,
Date of publication, distribution, etc. 2009
300 ## - PHYSICAL DESCRIPTION
Extent xv,566p.
504 ## - BIBLIOGRAPHY, ETC. NOTE
Bibliography, etc Includes bibliographies
650 #0 - SUBJECT ADDED ENTRY--TOPICAL TERM
Topical term or geographic name as entry element Earthquake engineering-Soil behaviour
942 ## - ADDED ENTRY ELEMENTS (KOHA)
Koha item type General Book
Holdings
Koha issues (times borrowed) Copy number Koha item type Koha full call number Location (home branch) Koha normalized classification for sorting Koha date last seen Lost status Piece designation (barcode) Koha date last borrowed Sublocation or collection (holding branch) Source of classification or shelving scheme Price effective from Damaged status Date acquired Shelving location Not for loan Withdrawn status
 1General Book624.176/PRA/2009Central Library, BUET624_000000000000000_176PRA20092014-08-24 109152 Central Library, BUET 2014-08-24 2014-08-24Circulation section  
12General Book624.176/PRA/2009Central Library, BUET624_000000000000000_176PRA20092025-08-02 1091532024-01-29Central Library, BUET 2014-08-24 2014-08-24Circulation section  
 3General Book624.176 PRA/2009Central Library, BUET624_176000000000000_PRA_20092017-09-23 115793 Central Library, BUET 2017-09-23 2017-09-23Circulation section